000 01294cam a2200337 i 4500
001 2127119
003 EG-ScBUE
005 20260119101949.0
008 971120s1999 nyua g b 001 0 eng d
020 _a0195112709 (acidfree paper)
035 _a(DLC) 97044049
040 _aDLC
_beng
_erda
_cDLC
_dDLC
_dEG-ScBUE
043 _aw------
082 0 4 _a551.5240913
_222
_bGAR
100 1 _aGarstang, Michael,
_eauthor.
_97404
245 1 0 _aObservations of surface to atmosphere interactions in the tropics /
_cMichael Garstang, David R. Fitzjarrald.
264 1 _aNew York :
_bOxford University Press,
_c1999.
300 _ax, 405 pages :
_billustrations ;
_c24 cm
336 _2rdacontent
_atext
_btxt
337 _aunmediated
_2rdamedia
_bn
338 _avolume
_bnc
_2rdacarrier
504 _aIncludes bibliographical references and index.
650 7 _aSolar radiation
_zTropics.
_2BUEsh
_97405
650 7 _aAtmosphere.
_2BUEsh
_97407
650 7 _97406
_aDynamic meteorology.
_2BUEsh
655 _vReading book
700 1 _aFitzjarrald, David Roy,
_eauthor.
_97408
856 4 2 _3Publisher description
_uhttp://www.loc.gov/catdir/enhancements/fy0603/97044049-d.html
856 4 1 _3Table of contents only
_uhttp://www.loc.gov/catdir/enhancements/fy0603/97044049-t.html
942 _2ddc
_cBB
999 _c12163
_d12163